000 00408nam a2200157Ia 4500
008 230312s9999||||xx |||||||||||||| ||und||
020 _a0-671-22533-2
082 _a509.22
_bHil-S
100 _aHilts Philip J.
245 0 _aScientific Temperaments
260 _bSimon&Schuster
_aNew York
_c1982
300 _a302
546 _aEng.
650 _aEngineering
_vThe Main Ring .On Divinity Avenue
942 _cBK
999 _c2034
_d2034